[Event "Twente Young Master op-D"]
[Site "Twente"]
[Date "2007.08.07"]
[Round "2"]
[White "Nicolai, Celine"]
[Black "Bokern, Peter"]
[Result "1-0"]
[WhiteElo "1281"]
[BlackElo "1017"]
[PlyCount "57"]
[EventDate "2007.08.06"]
[EventType "swiss"]
[EventRounds "13"]
[EventCountry "NED"]
[SourceTitle "EXT 2008"]
[Source "ChessBase"]
[SourceDate "2007.11.25"]
[SourceVersion "1"]
[SourceVersionDate "2007.11.25"]
[SourceQuality "1"]

1. e4 c5 2. Nc3 Nf6 3. Nf3 d6 4. d4 cxd4 5. Nxd4 g6 6. Bg5 Bg7 7. Qd2 0-0 8. Bh6 Nbd7 9. Bd3 Nc5 10. 0-0 Ng4 11. Bxg7 Kxg7 12. f4 e5 13. Nf3 Qb6 14. Kh1 exf4 15. Rab1 Ne3 16. Nd5 Nxf1 17. Qc3+ Kg8 18. Nxb6 axb6 19. Rxf1 Re8 20. Qd4 Ra4 21. Qxd6 Nxe4 22. Qxb6 Re6 23. Qd8+ Kg7 24. Qxc8 Rxa2 25. Qc4 Nf2+ 26. Rxf2 Ra1+ 27. Rf1 Rea6 28. b3 Kg8 29. Qc8+ 1-0

[Event "Twente Young Master op-D"]
[Site "Twente"]
[Date "2007.08.06"]
[Round "1"]
[White "Bokern, Peter"]
[Black "Goedegebuur, Richard"]
[Result "0-1"]
[WhiteElo "1017"]
[BlackElo "1507"]
[PlyCount "46"]
[EventDate "2007.08.06"]
[EventType "swiss"]
[EventRounds "13"]
[EventCountry "NED"]
[SourceTitle "EXT 2008"]
[Source "ChessBase"]
[SourceDate "2007.11.25"]
[SourceVersion "1"]
[SourceVersionDate "2007.11.25"]
[SourceQuality "1"]

1. e4 c5 2. Nf3 Nc6 3. d4 cxd4 4. Nxd4 Nf6 5. Nc3 e6 6. Bg5 Bb4 7. Bd2 Nxd4 8. a3 Bxc3 9. Bxc3 Nc6 10. Qe2 b6 11. 0-0-0 Qc7 12. g3 e5 13. Bh3 d6 14. Bg2 Be6 15. f4 Rd8 16. Rd2 Bg4 17. Qc4 Be6 18. Qb5 Ke7 19. Rhd1 Ng4 20. Rd3 Nf2 21. f5 Nxd3+ 22. Rxd3 Bd7 23. Bf3 Nd4 0-1